000 00412nam a22001577a 4500
999 _c17041
_d17041
008 180726b xxu||||| |||| 00| 0 eng d
020 _a1284067965
050 _aRA395 .A3T45 2013 c.1
100 _aTeitelbaum, Joel B.
245 _aEssentials of Health Policy and Law
250 _a2nd ed.
260 _aUSA
_bJones & Bartlett
_c2013
300 _axvi, 290p.
650 _aMedical Policy
942 _2lcc
_cBK